MDQL
is popping MORE tags! Check the
thread
!
Quizzes
Events
Quiz Creation
Community
Videos
Private Events
Remove Ads
Sign In
Join for FREE
Feedback
Dark Mode
Quiz Categories
Sports
Geography
Music
Movies
Television
Just For Fun
Miscellaneous
History
Literature
Language
Science
Gaming
Entertainment
Religion
Holiday
For Kids
Quiz Lab
Recent
Popular Today
Quiz Kudos Today
Editor Picks
Curator Picks
Quizzes by...
Day
Popularity
Type
Ratings
Length
Year
Community
Subscriptions
Recent Discussions
Orange Saloon
Badges
Playlists
Quests
Create
Leaderboards
Showdown
Live 5
Trivia Bingo
Activity
Puzzle Library
Sporcle Events
Private Events
Virtual Trivia
Globe League
Become a Host
Pub Owners
SporcleCon
Opinionation
Our Games
Videos
Blog
Mobile Apps
Partnerships
Remove Ads and Go Orange
Feedback
Literature
Harry Potter
A Song of Ice and Fire
The Hunger Games
Literary Character
Shakespeare
Book
Author
Novel
Poem
Young Adult
Children's Books
Play
Lord of the Rings
Literature
Harry Potter
A Song of Ice and Fire
The Hunger Games
Literary Character
Shakespeare
Book
Author
Novel
Poem
Young Adult
Children's Books
Play
Lord of the Rings
Random Quiz
Search Sporcle
×
Quiz Lab
Quiz Lab
Literature
strip
Type in answers that appear in a list
Type in answers that appear in a list
Classic
Best Score? Go Orange.
Jommeke strips (deel 1) Stats
Can you name the Jommeke strips ?
By
Muggsy
20m
200 Questions
282 Plays
282 Plays
282 Plays
Comments
Comments
Give Quiz Kudos
Give Quiz Kudos
-
- Ratings
hide this ad
Replay
Link that replays current quiz
Next Quiz
Link to next quiz in quiz playlist
You Got
0%
They Got
Avg Score
61%
Avg Friend Score
Upgrade to see
Score Distribution
Jump to the score distribution portion of the page
Score
0/200
Timer
20:00
0
Plays Today
Albumnummer
Albumtitel
% Correct
1.
De jacht op een voetbal
98.2%
3.
De koningin van Onderland
94.3%
2.
De zingende aap
90.3%
12.
Paradijseiland
88.2%
6.
Het hemelhuis
87.1%
17.
Diep in de put
85.7%
4.
Purpere pillen
84.6%
26.
Kinderen baas
84.6%
40.
Anakwaboe
83.9%
5.
De muzikale Bella
83.5%
13.
Het Jampuddingspook
82.4%
7.
De zwarte Bomma
82.1%
29.
De vliegende ton
82.1%
8.
De ooievaar van Begonia
80.3%
20.
Apen in huis
80.3%
15.
Het staartendorp
79.9%
18.
Met Fifi op reis
79.9%
34.
Jommeke in de knel
79.6%
100.
Het jubilee
79.2%
30.
Jommeke in de Far West
78.1%
10.
De straalvogel
77.4%
55.
Tita Telajora
77.4%
19.
Wie zoekt die vindt
77.1%
65.
De grasmobiel
77.1%
9.
De schildpaddenschat
76.3%
50.
De plastieken walvis
76.3%
28.
De Samsons
76%
37.
De schat van de zeerover
75.3%
31.
Knappe Mataboe
74.6%
48.
De zilveren giraf
74.6%
16.
De gouden jaguar
74.2%
84.
De plank van Jan Haring
73.8%
14.
Op heksenjacht
73.5%
21.
Het verkeerde land
73.5%
25.
De zeven snuifdozen
73.5%
39.
Lieve Choco
73.5%
72.
Choco ontvoerd
73.1%
23.
Dolle fratsen
72.8%
36.
Neuzen bij de vleet
72.4%
63.
Madam Pepermunt
72.4%
94.
De supervrouw
72%
11.
De zonnemummie
71.7%
43.
Filiberke gaat trouwen
71.7%
24.
De verloren zoon
71.3%
74.
De Kikiwikies
71.3%
41.
Twee halve lappen
71%
38.
Kaas met gaatjes
70.6%
62.
Luilekkerland
69.9%
45.
De zeepkoning
69.5%
99.
De grote knoeiboel
69.2%
32.
In Pimpeltjesland
68.8%
56.
De vruchtenmakers
68.8%
33.
Jacht op Gobelijn
68.1%
52.
De zingende oorbellen
68.1%
73.
De gekke wekker
68.1%
75.
Prinses Pott
68.1%
77.
Peuterweelde
67.4%
83.
De stenen aapjes
67.4%
22.
Het wonderdrankje
67%
27.
Geheime opdracht
67%
42.
De witte bolhoed
67%
86.
De lustige slurvers
66.7%
88.
Jommeke in Bobbejaanland
66.7%
54.
Broeder Anatolius
66.3%
89.
Het piepend bed
66.3%
51.
De fwietmachine
65.6%
67.
De slaapkop
65.6%
Albumnummer
Albumtitel
% Correct
49.
De groene maskers
65.2%
91.
Prins Filiberke
64.9%
53.
Het kristallen eendje
64.5%
69.
Straffa Toebaka
64.5%
143.
Va Kwak en moe Boemel
64.5%
47.
Diamanten in de zoo
64.2%
106.
Zoete mosterd
64.2%
44.
De Jommekesclub
63.8%
68.
De gele spin
63.8%
76.
Het rode oog
63.8%
78.
Juffrouw Perlefinneke
63.4%
81.
De luchtzwemmers
63.4%
46.
De tocht naar Asnapije
63.1%
87.
De stad in de vulkaan
63.1%
59.
De Kuko-eieren
62.7%
92.
Het aards paradijs
62.4%
58.
De strijd om de Incaschat
62%
61.
De hoed van Napoleon
62%
82.
Opstand in Kokowoko
62%
71.
De sprekende ezel
61.3%
64.
De kristallen grot
60.9%
95.
Melanie
60.9%
57.
Het geheim van Macu Ancapa
59.9%
110.
De viool van Varazdina
59.9%
152.
S.O.S. Benistal
59.9%
96.
Paniek rond Odilon
59.5%
165.
Spaghetti met kaas
59.1%
177.
Kwistig kwissen
58.8%
85.
De granda papiljan
58.4%
90.
De kleine professor
58.4%
35.
Gekke grappen
58.1%
60.
Alarm in de rode baai
58.1%
168.
Het heksenbal
58.1%
70.
De verborgen tempel
57.7%
79.
Het plezante kliekske
57.7%
97.
De valse Kameel
57.3%
102.
De vampier van Drakenburg
57.3%
156.
De superster
57.3%
116.
De gelukzoekers
57%
149.
De grote puzzel
57%
162.
De zwarte parel
57%
98.
De kaart van Wawa Wang
56.6%
93.
De haaienrots
56.3%
119.
Het apencircus
56.3%
144.
De pijp van Geurig Gras
56.3%
115.
De lappenpop van Anatool
55.9%
121.
De rare doedelzak
55.9%
129.
De whiskymaker
55.9%
140.
De Chinese kast
55.9%
141.
De Bruid van El Toro
55.9%
185.
De modekoningin
55.9%
128.
De grote zeilrace
55.6%
137.
Apen te koop
55.6%
172.
Fifi in de knoei
55.6%
176.
De snoezige dino's
55.6%
180.
Filicasso
55.6%
109.
Guitenstreken
55.2%
134.
De prinsen van Snoby
55.2%
181.
De valse papegaai
55.2%
200.
Stefanie Stekkebeen
55.2%
66.
De vrolijke bende
54.8%
105.
De knook van Azmor
54.8%
161.
Drie toverstokjes
54.8%
183.
Berta Gobelijn
54.8%
120.
De vlag van Lord Chester
54.1%
125.
Drie in een slag
54.1%
146.
Komkommer in 't zuur
54.1%
Albumnummer
Albumtitel
% Correct
151.
Het meermonster
54.1%
197.
Het schuimspook
54.1%
80.
De njam-njambloem
53.4%
107.
De pestkopjes
53.4%
113.
In de greep van Mac Rum
53.4%
117.
De stenen handdruk
53.4%
139.
De blauwe grot
53.4%
164.
Het verdwenen kasteel
53.4%
195.
Gerommel in de Far-West
53.4%
108.
De sidderplanten
53%
111.
De olijke oliemannen
53%
133.
Het gekkengas
53%
136.
Het monster uit de diepte
53%
186.
De pruik van Anatool
53%
104.
De vlucht van Bella
52.7%
159.
De kokoskoe
52.7%
173.
Het geheim van de Hoefslag
52.7%
174.
Het zevende zwaard
52.7%
112.
Het ei van de smartlapvogel
52.3%
118.
De bedrogen miljonair
52.3%
163.
Het Midasmysterie
52.3%
114.
Het kriebelkruid
52%
127.
De watervallen van Svanjabak
52%
166.
De mandoline van Caroline
51.6%
187.
De zwarte cactus
51.6%
198.
De Kraaienburcht
51.6%
153.
Het hoofd van Samos
51.3%
155.
De kleine vandaal
51.3%
148.
De vliegende brigade
50.9%
150.
De gestoorde zeereis
50.9%
157.
De koningin van Kachar el Nachar
50.9%
170.
Het Choco-complot
50.9%
132.
De spookkrater
50.5%
135.
De kruik van Aztrakan
50.5%
193.
De zilveren traan
50.5%
142.
De documenten van Langneus
50.2%
171.
De goudvis van Filiberke
50.2%
199.
De vergeten mijn
50.2%
123.
De schat van Angkor
49.8%
154.
De hellestokers
49.8%
194.
Dinopolis
49.8%
131.
De kippen van Gobelijn
49.5%
138.
De rib van Kalafar
49.5%
167.
De appelvreters
49.5%
169.
De slangengodin
49.5%
122.
Het Boheems schommelpaard
49.1%
179.
Paniek op de Akropolis
49.1%
184.
De kroon van Kazimir
48.7%
190.
Alarm in het begijnhof
48.7%
175.
De verdwaalde vuurtoren
48%
196.
De Elfenbron
48%
126.
Het bal van Mathilde
47.7%
160.
De verdroogde bron
47.3%
191.
De magische spiegel
47%
188.
De vurige inktvis
46.6%
192.
De drietand van Neptunus
46.6%
130.
Het geheim van Ambiorix
45.9%
158.
Het probleem van Jeff Klaxon
45.9%
178.
Het bedreigde paradijs
45.9%
101.
Het monster in de ruïne
45.5%
189.
De koppige cobra
45.2%
145.
Het levenselixir
44.8%
103.
De bron van El Razar
44.4%
124.
Het geheimzinnig eiland
43.7%
147.
Het Yacochacabeeldje
43.4%
182.
Het zingende moeras
42.7%
Quiz Playlist
Details
Report
Send in Message
Add To Playlist
Classic:
Type in answers that appear in a list
Last Updated: Feb 16, 2017
Quiz Scoreboard
CHALLENGE
Sign Up to Join the Scoreboard
Show All
Scores
Hide
Comments
May contain spoilers
Recently Published
Image Sorting: Flags VI
by Barbecue
Geography
2m
Find the 'City' Movie
by crazypaving
Movies
60s
Colored Red Africa Blitz
by spor1
Geography
45s
More to Explore
Quiz From the Vault
Featured Blog Post
14 Easter Pick-up Lines to Find Eggs With
hide this ad
You Might Also Like...
Tags
strip
Today's Top Quizzes in Literature
Browse Literature
hide this ad
Today's Top Quizzes in strip
Browse strip
Top Contributed Quizzes in Literature
1
Sneaky Slytherin Logic Puzzle
2
Harry Potter logic puzzle: The Hogwarts Soap Opera
3
Get The Picture: Black or White Literature
4
Harry Potter Slytherin Logic Puzzle
5
'Middle' Earth
6
ASOIAF Siblings Logic Puzzle
7
Logic Puzzle: Avoid Dumbledore's Army
8
A Song of Ice and Fire Logic Puzzle
9
Harry Potter Logic Puzzle 1
10
Quick Pick: Easter in Book Titles
Explore More
Trending Topics
Kpop
Disney
Crossword
Marvel
Harry Potter
NBA
Anime
WWE
Pokémon
Country
Puzzle
The Office
Soccer
NFL
Song
hide this ad
More By:
Muggsy
Quiz
Plays
Rating
Category
Featured
Created
Films directed by Roman Polanski
414
4.00
Movies
May 2, 2010
Jommeke strips (deel 1)
282
5.00
Literature
May 20, 2010
Name characters from 'Familie'
194
5.00
Television
May 4, 2010
Nicknames of NBA-players
134
Sports
Apr 29, 2010
Films directed by Luchino Visconti
129
4.33
Movies
May 25, 2010
Go to Creator's Profile
Score Distribution
Quiz Creator Spotlight
Muggsy
Follow
Send a Message
Quizzes Created
-
Created Quiz Play Count
-
More By This Creator
Popular Quizzes Today
1
Colored Red Africa Blitz
2
Find the US States - No Outlines Minefield
3
Find the 'City' Movie
4
5x2 Blitz: Bands
5
The Countries of the World
6
Find the US States
7
Find the Countries of Europe - No Outlines Minefield
8
US States
More Literature Quizzes
Profile: Neville Longbottom
Published
Trending Quizzes
Colored Red Europe Blitz I
Colored Red Europe Blitz II
Colored Red Africa Blitz II
Colored Red Europe Blitz III
Colored Red Africa Blitz III
Recently Updated
How Do You Spell That?
pecheneg
Godzilla Movies
pecheneg
Grab Bag: 4-10 Letters
pecheneg
2024 March Madness Bracket
pecheneg
Famous TV Couples
Peacemaker
Champions League XIs: Real Madrid
pecheneg
Largest US Cities 1790-2010
pecheneg
Rides in Walt Disney World
pecheneg
Most Oscar Losses (Acting)
pecheneg
Beyoncé Albums
pecheneg
Trending Topics
Anime
NBA
Kpop
Harry Potter
Marvel
Disney
Crossword
WWE
Country
Song
NFL
Soccer
Pokémon
Puzzle
The Office
Your Account Isn't Verified!
In order to create a playlist on Sporcle, you need to verify the email address you used during registration. Go to your
Sporcle Settings
to finish the process.
Report this User
Report this user for behavior that violates our
Community Guidelines
.
Details:
Send Report
Go to the Sporcle.com Mobile Site →
Comments